| 000 | 00769cam a22002413a 4500 | ||
|---|---|---|---|
| 001 | 30789 | ||
| 003 | PGUSA | ||
| 005 | 20140828083651.0 | ||
| 008 | 091228s2009||||xxu|||||s|||||000 | eng d | ||
| 040 |
_aPGUSA _beng |
||
| 042 | _adc | ||
| 050 | 4 | _aNA | |
| 100 | 1 |
_aViollet-le-Duc, Eugène-Emmanuel, _d1814-1879 |
|
| 245 | 1 | 0 |
_aDictionnaire raisonné de l'architecture française du XIe au XVIe siècle (9/9) _h[electronic resource] / _cEugène-Emmanuel Viollet-le-Duc |
| 260 |
_bProject Gutenberg, _c2009 |
||
| 506 | _aPublic domain in the USA. | ||
| 516 | _aElectronic text | ||
| 653 | _aArchitecture -- France | ||
| 653 | _aArchitecture -- Dictionaries | ||
| 830 | 0 |
_aProject Gutenberg _v30789 |
|
| 856 | 4 | 0 | _uhttp://www.gutenberg.org/ebooks/30789 |
| 942 | _cEB | ||
| 999 |
_c260044 _d260044 |
||